Estadísticas para Estaciones del Metro de Santiago

Haz click aquí para intentar la prueba.

Estadísticas generales

  • Esta prueba ha sido intentada 971 veces
    (355 desde el último reinicio)
  • La puntuación promedio es 99 de 143

Estadísticas de respuestas

LíneaRespuesta% Correcto
1 y 3 | 3 y 1Universidad de Chile
97%
1 y 4 | 4 y 1Tobalaba
95%
1Universidad Católica
94%
1 y 5 | 5 y 1Baquedano
93%
1La Moneda
93%
1Los Dominicos
93%
1 y 6 | 6 y 1Los Leones
93%
1 y 2 | 2 y 1Los Heroes
91%
1 y 5 | 5 y 1San Pablo
91%
1Unión Latinoamericana
90%
1Estación Central
86%
1Pajaritos
86%
1Santa Lucía
85%
1Manuel Montt
84%
3 y 6 | 6 y 3Ñuñoa
84%
3 y 4 | 4 y 3Plaza Egaña
83%
1Escuela Militar
82%
1Salvador
82%
1Universidad de Santiago
82%
1El Golf
81%
2 y 6 | 6 y 2Franklin
81%
3 y 5 | 5 y 3Irarrázaval
81%
1Manquehue
81%
1Pedro de Valdivia
81%
3 y 5 | 5 y 3Plaza de Armas
81%
2 y 4A | 4A y 2La Cisterna
80%
1Neptuno
80%
3Chile España
79%
2 y 3 | 3 y 2Puente Cal y Canto
79%
1República
78%
6Estadio Nacional
77%
3Hospitales
77%
6Inés de Suárez
77%
5 y 6 | 6 y 5Ñuble
77%
5Plaza de Maipú
77%
4 y 5 | 5 y 4Vicente Valdés
77%
6Cerrillos
76%
1Hernando de Magallanes
75%
5Bellas Artes
74%
5San Joaquín
74%
2 y 5 | 5 y 2Santa Ana
74%
1Alcántara
73%
1Las Rejas
73%
4Plaza de Puente Alto
73%
3Plaza Quilicura
73%
2Vespucio Norte
73%
2Parque O'Higgins
72%
2Cementerios
71%
3Matta
71%
5Parque Bustamante
71%
6Bío Bío
70%
5Cumming
70%
1Ecuador
70%
3Parque Almagro
70%
4 y 4A | 4A y 4Vicuña Mackenna
70%
4Cristóbal Colón
69%
3Fernando Castillo Velasco
69%
4ALa Granja
69%
4Macul
69%
5Pedrero
69%
5Santa Isabel
69%
6Lo Valledor
68%
6Presidente Pedro Aguirre Cerda
68%
3Los Libertadores
67%
4ASan Ramón
67%
3Villa Frei
67%
4Quilín
66%
5Bellavista de La Florida
65%
2Einstein
65%
4Francisco Bilbao
65%
1San Alberto Hurtado
65%
2San Miguel
65%
2Toesca
65%
2Hospital El Pino
64%
5Pudahuel
64%
5Quinta Normal
64%
2Rondizzoni
64%
5Camino Agrícola
63%
3Monseñor Eyzaguirre
63%
2Patronato
63%
4Príncipe de Gales
63%
5Mirador
62%
4Grecia
61%
4Hospital Sótero del Río
61%
4Los Orientales
61%
3Conchalí
59%
4Los Presidentes
59%
2Ciudad del Niño
57%
5Lo Prado
57%
5Rodrigo de Araya
57%
4Simón Bolívar
57%
5Carlos Valdovinos
56%
5Del Sol
56%
2Lo Ovalle
56%
4ASanta Rosa
56%
2Zapadores
56%
2Departamental
55%
4Las Torres
55%
2Lo Vial
54%
4Protectora de la Infancia
54%
5Barrancas
53%
5Blanqueado
52%
2Dorsal
52%
2El Llano
52%
3Ferrocarril
52%
4ASanta Julia
52%
4Rojas Magallanes
50%
2Cerro Blanco
49%
2El Bosque
49%
4Elisa Correa
49%
5Gruta de Lourdes
48%
2Observatorio
48%
3Plaza Chacabuco
48%
3Vivaceta
48%
5Las Parcelas
47%
4San José de la Estrella
47%
3Cardenal Caro
46%
5Monte Tabor
46%
4Trinidad
46%
4Los Quillayes
45%
5Laguna Sur
44%
4Las Mercedes
44%
3Lo Cruzat
44%
5Santiago Bueras
44%
2Copa Lo Martínez
43%
2El Parrón
42%

Distribución de puntuación

Porcentaje por número respondido

Porcentaje de gente con cada puntuación

Historial de tus puntuaciones

No has intentado esta prueba desde el último reinicio